000 00640nam a2200145Ia 4500
008 100122s9999 xx 000 0 und d
082 _b66621
_a740
100 _aनार्वेकर सुबोध
245 _aग्रेड परीक्षा सुबोध चित्रकला (क.क्र.8/2)
260 _bनवनीत प्रकाशन
_c2003
300 _a184
630 _aग्रेड परीक्षा सुबोध चित्रकला (क.क्र.8/2)
730 _aग्रेड परीक्षा सुबोध चित्रकला (क.क्र.8/2)
942 _cBOOK
999 _c439088
_d439085